The Hardest Quiz In JetPunk - Statistics

General Stats
  • This quiz has been taken 17 times
  • The average score is 2 of 6
Answer Stats
Answer % Correct
never gonna give you up
90%
never gonna let you down
60%
never gonna run around and desert you
20%
never gonna tell a lie and hurt you
20%
never gonna make you cry
10%
never gonna say goodbye
10%
No matching quizzes found
Score Distribution
Percent of People with Each Score
Percentile by Number Answered
Your Score History
You have not taken this quiz